000
00260nam a2200097Ia 4500
001
690111
005
20250826161810.0
008
250824s9999 xx 000 0 und d
245
0
_a
TOM SAWYERİN MACERALARI
_c
MARK TWAIN
260
_b
TÜRKİYE İŞ BANKASI YAYINLARI
999
_c
690111
_d
690111